| 000 | 00506nam a22001577a 4500 | ||
|---|---|---|---|
| 005 | 20240823130012.0 | ||
| 008 | 240823b |||||||| |||| 00| 0 eng d | ||
| 041 | _aEnglish/Afrikaans | ||
| 082 | _a349 LAW | ||
| 100 | _lEnglish | ||
| 245 | _aThe Laws of South West Africa 1951 | ||
| 260 |
_aWindhoek: _bOrder of the Honourable the Administrator of South West Africa, _c1951 |
||
| 300 |
_bxcvii, 423 pages; _c25 cm. |
||
| 650 |
_aLegal practice _bLaw |
||
| 942 |
_cBK _6ALISON_BN_VRIES |
||
| 999 |
_c2845 _d2845 |
||